MARC details
| 000 -LEADER |
| fixed length control field |
01672pam a2200349 a 4500 |
| 001 - CONTROL NUMBER |
| control field |
1165004 |
| 003 - CONTROL NUMBER IDENTIFIER |
| control field |
GZU |
| 005 - DATE AND TIME OF LATEST TRANSACTION |
| control field |
20200910104822.0 |
| 008 - FIXED-LENGTH DATA ELEMENTS--GENERAL INFORMATION |
| fixed length control field |
961118s1996 enkb b 101 0 eng |
| 010 ## - LIBRARY OF CONGRESS CONTROL NUMBER |
| LC control number |
96049145 |
| 020 ## - INTERNATIONAL STANDARD BOOK NUMBER |
| International Standard Book Number |
0852556608 (J. Currey : cloth) |
| 020 ## - INTERNATIONAL STANDARD BOOK NUMBER |
| International Standard Book Number |
0852556101 (J. Currey : pbk.) |
| 020 ## - INTERNATIONAL STANDARD BOOK NUMBER |
| International Standard Book Number |
0435074113 (Heinemann : cloth) |
| 020 ## - INTERNATIONAL STANDARD BOOK NUMBER |
| International Standard Book Number |
0435074121 (Heinemann : pbk.) |
| 040 ## - CATALOGING SOURCE |
| Original cataloging agency |
DLC |
| Transcribing agency |
DLC |
| Modifying agency |
DLC |
| 043 ## - GEOGRAPHIC AREA CODE |
| Geographic area code |
f-rh--- |
| 050 00 - LIBRARY OF CONGRESS CALL NUMBER |
| Classification number |
DT2988 |
| Item number |
.S649 1996 |
| 082 00 - DEWEY DECIMAL CLASSIFICATION NUMBER |
| Classification number |
968.91/04 |
| Edition number |
21 |
| 245 00 - TITLE STATEMENT |
| Title |
Society in Zimbabwe's liberation war / |
| Statement of responsibility, etc. |
edited by Ngwabi Bhebe, Terence Rangar. |
| 260 ## - PUBLICATION, DISTRIBUTION, ETC. |
| Place of publication, distribution, etc. |
Oxford, UK : |
| Name of publisher, distributor, etc. |
J. Currey ; |
| Place of publication, distribution, etc. |
Portsmouth, NH : |
| Name of publisher, distributor, etc. |
Heinemann, |
| Date of publication, distribution, etc. |
1995. |
| 300 ## - PHYSICAL DESCRIPTION |
| Extent |
vi, 250 p. : |
| Other physical details |
maps ; |
| Dimensions |
24 cm. |
| 500 ## - GENERAL NOTE |
| General note |
"International Conference on the Zimbabwe Liberation War held in Harare on July 8-12, 1991, at which most of the papers ... were presented"--Acknowledgements. |
| 504 ## - BIBLIOGRAPHY, ETC. NOTE |
| Bibliography, etc. note |
Includes bibliographical references (p. 235-241) and index. |
| 651 #0 - SUBJECT ADDED ENTRY--GEOGRAPHIC NAME |
| Geographic name |
Zimbabwe |
| General subdivision |
History |
| Chronological subdivision |
Chimurenga War, 1966-1980 |
| General subdivision |
Congresses. |
| 700 1# - ADDED ENTRY--PERSONAL NAME |
| Personal name |
Bhebe, Ngwabi. |
| 700 1# - ADDED ENTRY--PERSONAL NAME |
| Personal name |
Ranger, T. O. |
| 711 2# - ADDED ENTRY--MEETING NAME |
| Meeting name or jurisdiction name as entry element |
International Conference on the Zimbabwe Liberation War |
| Date of meeting or treaty signing |
(1991 : |
| Location of meeting |
University of Zimbabwe) |
| 856 42 - ELECTRONIC LOCATION AND ACCESS |
| Materials specified |
Book review (H-Net) |
| Uniform Resource Identifier |
<a href="http://www.h-net.org/review/hrev-a0b0c1-aa">http://www.h-net.org/review/hrev-a0b0c1-aa</a> |
| 906 ## - LOCAL DATA ELEMENT F, LDF (RLIN) |
| a |
7 |
| b |
cbc |
| c |
orignew |
| d |
1 |
| e |
ocip |
| f |
19 |
| g |
y-gencatlg |
| 942 ## - ADDED ENTRY ELEMENTS (KOHA) |
| Source of classification or shelving scheme |
Library of Congress Classification |
| Koha item type |
Books |
| Classification part |
960.4 |
| Item part |
BHE |
| Call number prefix |
DT |